• 首页
  • 本馆介绍
  • 公告通知
  • 最新文献
  • 馆藏检索
  • 电子资源
  • 读者导购
  • 参考咨询
  • 我的图书馆
  • 登录
  • 详细信息显示
  • 放入我的书架
  • 预约/预借图书
  • 作者相关作品
  • 分类相关作品
  • 丛书相关作品
  • 出版社相关作品

书目信息

  • 表格格式
  • 工作单格式
  • 卡片格式
题名:
河流底泥污染生态风险分析及疏浚深度研究
    
 
作者: 刘进宝 , 丁涛 著
分册:  
出版信息: 北京   中国水利水电出版社  2021.08
页数: 87页
开本: 26cm
丛书名:
单 册:
中图分类: X522 , U616
科图分类:
主题词: 河流底泥--he liu di ni--污染防治--研究 , 河流底泥--he liu di ni--疏浚工程--污泥处理--研究
电子资源:
ISBN: 978-7-5170-9767-9
000 01392nam0 2200277 450
001 CAL 0120217252821
005 20230217093113.0
010    @a978-7-5170-9767-9@dCNY68.00
100    @a20210930d2021 em y0chiy0120 ea
101 0  @achi
102    @aCN@b110000
105    @aa a 000yy
106    @ar
200 1  @a河流底泥污染生态风险分析及疏浚深度研究@Ahe liu di ni wu ran sheng tai feng xian fen xi ji shu jun shen du yan jiu@f刘进宝, 丁涛著
210    @a北京@c中国水利水电出版社@d2021.08
215    @a87页@c图@d26cm
320    @a有书目 (第84-87页)
330    @a本书内容包括河流底泥重金属和多环芳烃检测方法、底泥污染物空间分布特征及污染评价、底泥重金属室内释放 (浸出) 实验和底泥疏浚深度确定方法研究。通过对浙江省部分河道进行布点采样, 检测底泥中重金属和多环芳烃的含量, 分析底泥中污染物总量和有效态含量在垂向上的变化特征。同时利用潜在生态风险指数法和平均效应区间中值商法对底泥污染物的生态风险和累积性进行评估。最后提出可供水利疏浚参考的河流底泥环保疏浚深度计算方法。本研究开展的河流底泥污染生态风险分析及疏浚深度研究工作, 对于更好地指导我国开展河流生态疏浚工程具有积极的借鉴意义。
606 0  @a河流底泥@Ahe liu di ni@x污染防治@x研究
606 0  @a河流底泥@Ahe liu di ni@x疏浚工程@x污泥处理@x研究
690    @aX522@v5
690    @aU616@v5
701  0 @a刘进宝@Aliu jin bao@4著
701  0 @a丁涛@Ading tao@4著
801  0 @aCN@bBJXHZP@c20230228
905    @b1404384-7@dX522@e267@f4
    
    河流底泥污染生态风险分析及疏浚深度研究/刘进宝, 丁涛著.-北京:中国水利水电出版社,2021.08
    87页:图;26cm
    
    
    ISBN 978-7-5170-9767-9:CNY68.00
    本书内容包括河流底泥重金属和多环芳烃检测方法、底泥污染物空间分布特征及污染评价、底泥重金属室内释放 (浸出) 实验和底泥疏浚深度确定方法研究。通过对浙江省部分河道进行布点采样, 检测底泥中重金属和多环芳烃的含量, 分析底泥中污染物总量和有效态含量在垂向上的变化特征。同时利用潜在生态风险指数法和平均效应区间中值商法对底泥污染物的生态风险和累积性进行评估。最后提出可供水利疏浚参考的河流底泥环保疏浚深度计算方法。本研究开展的河流底泥污染生态风险分析及疏浚深度研究工作, 对于更好地指导我国开展河流生态疏浚工程具有积极的借鉴意义。
●
相关链接 在E读中查询图书 在五车中查询图书 在当当中查询图书 在豆瓣中查询图书


正题名:河流底泥污染生态风险分析及疏浚深度研究     索取号:X522/267         预约/预借

序号 登录号 条形码 馆藏地/架位号 状态 备注
1 1404384   214043845   第二样本阅览室/ [索取号:X522/267] 在馆    
2 1404385   214043854   第三借阅区/ [索取号:X522/267] 在馆    
3 1404386   214043863   第三借阅区/ [索取号:X522/267] 在馆    
4 1404387   214043872   第三借阅区/ [索取号:X522/267] 在馆    
唐山师范学院图书馆 欢迎您!
大连网信软件有限公司© 版权所有